Cómo cultivar hortalizas en macetas: su huerto en su jardín, en su terraza o en su balcón.

Guardat en:
Dades bibliogràfiques
Autor principal: Smith, Edward C
Format: Llibre
Idioma:espanyol
Publicat: Barcelona, España Ediciones Omega 2008
Matèries:
Etiquetes: Afegir etiqueta
Sense etiquetes, Sigues el primer a etiquetar aquest registre!

MARC

LEADER 00000nam a2200000 a 4500
001 UCG5933
003 CL-VaPUC
005 20240530170507.0
008 110324e20080000SP |||||||||||||||||spa|d
999 |c 344257  |d 344255 
020 |a 9788428214759 
040 |c Pontificia Universidad Católica de Valparaíso 
082 0 4 |a 635 SMI 2008  |2 21 
100 0 |a Smith, Edward C  |9 555846 
245 1 0 |a Cómo cultivar hortalizas en macetas: su huerto en su jardín, en su terraza o en su balcón. 
260 0 3 |a Barcelona, España  |b Ediciones Omega  |c 2008 
300 |a 253 páginas. 
583 |a last modification  |c 20120418 11:43:18  |k Rodrigo Vera 
650 0 |a Hortalizas  |9 259501 
650 7 |a CULTIVO HORTALIZAS  |2 CL-VaPUC  |9 555847 
650 0 |a Agricultura  |9 255598 
650 0 |a Horticultura  |9 259721 
650 0 |a Abonos  |9 259682 
650 0 |a Achicoria  |9 460588 
650 0 |a Alcachofa  |9 264482 
650 0 |a Ajo (Allium sativum)   |9 264164 
650 0 |a Apio (Apium graveolens)  |9 404776 
650 7 |a TOMATE  |2 CL-VaPUC  |9 264158 
650 0 |a Maíz  |9 264672 
942 |c BK  |2 ddc 
945 |d 20110324 00:00:00  |a jcampos 
952 |0 0  |1 0  |2 ddc  |4 0  |6 635_000000000000000_SMI_2008  |7 0  |8 A  |9 442128  |a BIBAGR  |b BIBAGR  |d 2019-11-22  |i 4759788  |o 635 SMI 2008  |p 4759788  |r 2019-11-22  |t 1  |w 2019-11-22  |y BK  |k AGR